• 首页
  • 本馆介绍
  • 公告通知
  • 最新文献
  • 馆藏检索
  • 电子资源
  • 读者导购
  • 参考咨询
  • 我的图书馆
  • 登录
  • 详细信息显示
  • 放入我的书架
  • 预约/预借图书
  • 作者相关作品
  • 分类相关作品
  • 丛书相关作品
  • 出版社相关作品

书目信息

  • 表格格式
  • 工作单格式
  • 卡片格式
题名:
马克思的社会再生产理论
    
 
作者: 刘国光 著
分册:  
出版信息: 北京   中国社会科学出版社  1981
页数: 155页
开本: 19cm
丛书名:
单 册:
中图分类: A811.66 , F035
科图分类:
主题词: 马克思著作研究-再生产--理论 , 再生产-马克思著作研究--理论 , 资本主义社会--生产方式
电子资源:
ISBN:
000 00783nam0 2200277 45
001 0181004530
005 20040421144216.4
010    @dCNY0.43
091    @a1190.978
100    @a19950626d1981 em y0chiy0121 ea
101 0  @achi
102    @aCN@b110000
105    @ay z 000yy
106    @ar
200 10 @a马克思的社会再生产理论@Ama ke si de she hui zai sheng chan li lun@f刘国光著
210    @a北京@c中国社会科学出版社@d1981
215    @a155页@d19cm
606    @a马克思著作研究-再生产@x理论
606    @a再生产-马克思著作研究@x理论
606 0  @a资本主义社会@x生产方式
690    @aA811.66@v3
690    @aF035
701  0 @a刘国光@Aliu guo guang@4著
801  0 @aCN@b上海图书馆@c20040421
801  2 @aCN@bNLC@c20040421
905    @f4@b75834-837@dF035@f1@b75843@e15
    
    马克思的社会再生产理论/刘国光著.-北京:中国社会科学出版社,1981
    155页;19cm
    
    
    ISBN :CNY0.43
    
●
相关链接 在E读中查询图书 在五车中查询图书 在当当中查询图书 在豆瓣中查询图书


正题名:马克思的社会再生产理论     索取号:F035/15         预约/预借

序号 登录号 条形码 馆藏地/架位号 状态 备注
1 0075834   001270993   第一借阅区/ [索取号:F035/15] 在馆    
2 0075835   001271000   密集书库/ [索取号:F035/15] 在馆    
3 0075836   001271019   密集书库/ [索取号:F035/15] 在馆    
4 0075837   001271028   密集书库/ [索取号:F035/15] 在馆    
5 0075838   000194596   密集书库/ [索取号:F035/15] 在馆    
6 0075839   000194603   密集书库/ [索取号:F035/15] 在馆    
7 0075840   000194612   密集书库/ [索取号:F035/15] 在馆    
8 0075841   000194621   密集书库/ [索取号:F035/15] 在馆    
9 0075842   000194630   密集书库/ [索取号:F035/15] 在馆    
10 0075843   001270975   第一样本阅览室/ [索取号:F035/15] 在馆    
唐山师范学院图书馆 欢迎您!
大连网信软件有限公司© 版权所有